Granada CF Squad 2019-2020 - Statistics

General Stats
  • This quiz has been taken 16 times
  • The average score is 21 of 28
Answer Stats
# Position Nation Player % Correct
10 FW Spain Antonio Puertas
100%
23 FW Venezuela Darwin Machís
100%
- Coach Spain Diego Martínez
100%
2 DF Guadeloupe Dimitri Foulquier
100%
6 DF Spain Germán Sánchez
100%
4 MF France Maxime Gonalons
100%
9 FW Spain Roberto Soldado
100%
1 GK Portugal Rui Silva
100%
15 DF Spain Carlos Neva
91%
22 DF Portugal Domingos Duarte
91%
21 MF Venezuela Yangel Herrera
91%
3 DF Spain Álex Martínez
82%
5 DF Spain José Antonio Martínez
82%
8 MF Cameroon Yan Eteki
82%
12 MF Nigeria Ramón Azeez
73%
13 GK Spain Aarón Escandell
64%
20 FW Colombia Adrián Ramos
64%
24 FW Spain Carlos Fernández
64%
14 MF Spain Fede Vico
64%
20 DF Spain Jesús Vallejo
64%
17 DF Spain Quini
64%
16 DF Spain Víctor Díaz
64%
7 FW Spain Álvaro Vadillo
55%
11 DF Turkey İsmail Köybaşı
55%
19 MF Spain Ángel Montoro
45%
18 DF Colombia Neyder Lozano
36%
17 FW Portugal Gil Dias
27%
18 FW Spain Antoñín
18%
No matching quizzes found
Score Distribution
Percent of People with Each Score
Percentile by Number Answered
Your Score History
You have not taken this quiz